000 00866nam a2200265Ia 4500
003 OSt
005 20221006153622.0
006 a|||||r|||| 00| 0
007 ta
008 221006b |||||||| |||| 00| 0 chi d
020 _a076580221X
024 _a32,866
037 _bGift, Korean Embassy
_cAnnuals, Advances
040 _aEASL
_cEASL
_bchi
041 _2chi
_achi
082 _aX:75.495.P1<-N7, P4
100 _aMishra Ramesh etc Au.
_9664713
245 0 _aModernizing the Korean welfare state
_b Towards the productive welfare model
260 _aNew Jersey
_bTransaction Publishers USA
_c2004
300 _a234p.
_ccm.
490 _v KEL
650 _aSouth Korea-Economic policy-Congresses
_9664714
942 _hX:75.495.P1<-N7, P4
_cREF
_2CC
999 _c1100952
_d1100952